US States with Only One 100K City Quiz Stats

 Plays Quiz Updated Aug 18, 2021

Support Sporcle.
Go Orange.
Score 0/10 Timer 02:00
1 Play Today
Population of City State % Correct
192,517South Dakota
86.3%
125,990North Dakota
86.2%
117,116Montana
85%
291,247Alaska
79.6%
190,934Rhode Island
76.1%
350,964Hawaii
74.3%
115,644New Hampshire
73.9%
202,591Arkansas
61%
153,701Mississippi
57%
585,708Maryland
46%

From the Vault

Famous Freds

by Derek

A Sunday quiz we never said, is something to be filled with dread, don't let it go to your head, if you master these things with Fred.
Remove Ads.
Support Sporcle.
Get the best of Sporcle when you Go Orange. This ad-free experience offers more features, more stats, and more fun while also helping to support Sporcle. Thank you for becoming a member.

Show Comments

Extras

Top Quizzes Today


Score Distribution

Your Account Isn't Verified!

In order to create a playlist on Sporcle, you need to verify the email address you used during registration. Go to your Sporcle Settings to finish the process.

Report this User

Report this user for behavior that violates our Community Guidelines.

Details: